| 000 | 00560nam a22001937a 4500 | ||
|---|---|---|---|
| 003 | Ost | ||
| 005 | 20250903085909.0 | ||
| 008 | 250902b |||||||| |||| 00| 0 eng d | ||
| 020 | _a9781641168359 | ||
| 040 | _cBT-PhCST | ||
| 050 | _a25557 | ||
| 082 |
_222 _a551.63 _bWES |
||
| 100 | _aWest, Erick. | ||
| 245 |
_aClimate change and water resources : _bchallenges and solution towards an imminent water crisis / |
||
| 260 |
_aLondon : _bCallisto Reference, _cc2023. |
||
| 300 |
_avi, 238 P. ; _bill. ; _c29 cm. |
||
| 500 | _aIncludes Index. | ||
| 942 |
_2ddc _cWRE |
||
| 999 |
_c10106 _d10106 |
||